Испанский язык (Запись № 12687172)

Подробности
000 -МАРКЕР
контрольное поле 01876nam0a2200409 4500
001 - ИДЕНТИФИКАТОР ЗАПИСИ
контрольное поле RU\NLR\BIBL_A\012935009
005 - ИДЕНТИФИКАТОР ВЕРСИИ
контрольное поле 20221124181955.0
010 ## - МЕЖДУНАРОДНЫЙ СТАНДАРТНЫЙ НОМЕР КНИГИ (ISBN)
Номер (ISBN) 978-5-09-098206-1
Тираж 300
021 ## - НОМЕР ГОСУДАРСТВЕННОЙ РЕГИСТРАЦИИ
Код страны Российская Федерация
Номер КН-П-22-066803
Номер Листа государственной регистраци КН-П-22-5805
021 ## - НОМЕР ГОСУДАРСТВЕННОЙ РЕГИСТРАЦИИ
Код страны Российская Федерация
Номер КН-П-24-078780
Номер Листа государственной регистраци КН-П-24-7872
035 ## - ДРУГИЕ СИСТЕМНЫЕ НОМЕРА
Идентификатор записи (NLR Aleph) 012935009
035 ## - ДРУГИЕ СИСТЕМНЫЕ НОМЕРА
Идентификатор записи (RuMoRGB)011247678
100 ## - ДАННЫЕ ОБЩЕЙ ОБРАБОТКИ
Данные общей обработки 20221110d2022 d y0rusy50 ca
101 0# - ЯЗЫК РЕСУРСА
Язык текста, звукозаписи и т.д. русский
-- испанский, кастильский испанский
102 ## - СТРАНА ПУБЛИКАЦИИ ИЛИ ПРОИЗВОДСТВА
Страна публикации Российская Федерация
105 ## - ПОЛЕ КОДИРОВАННЫХ ДАННЫХ: ТЕКСТОВЫЕ МАТЕРИАЛЫ, МОНОГРАФИЧЕСКИЕ
Кодированные данные о монографическом текстовом документе ac||j|||000zy
181 #0 - ПОЛЕ КОДИРОВАННЫХ ДАННЫХ: ВИД СОДЕРЖАНИЯ
Код вида содержания (ISBD) i
Код характеристики содержания (ISBD) axxe
182 #0 - ПОЛЕ КОДИРОВАННЫХ ДАННЫХ: ТИП СРЕДСТВА
Код типа средства (ISBD) n - непосредственное
200 1# - ЗАГЛАВИЕ И СВЕДЕНИЯ ОБ ОТВЕТСТВЕННОСТИ
Основное заглавие Испанский язык
Сведения, относящиеся к заглавию 8 класс
-- учебник
-- углублённый уровень
Первые сведения об ответственности Н. А. Кондрашова, С. В. Костылева
203 ## - ВИД СОДЕРЖАНИЯ И ТИП СРЕДСТВА
Вид содержания Текст
Дополнительные сведения об издании визуальный
Тип средства непосредственный
205 ## - СВЕДЕНИЯ ОБ ИЗДАНИИ
Сведения об издании 7-е изд., стер.
210 ## - ПУБЛИКАЦИЯ, РАСПРОСТРАНЕНИЕ И ДР.
Место издания, распространения и т.д. Москва
Имя издателя, распространителя и т. д. Просвещение
Дата издания, распространения и т.д. 2022
215 ## - ФИЗИЧЕСКАЯ ХАРАКТЕРИСТИКА
Специфическое обозначение материала и объем 239 с.
Другие сведения о физической характеристике ил., цв. ил., портр., табл.
Размеры 26
300 ## - ОБЩИЕ ПРИМЕЧАНИЯ
Текст примечания На обл.: Español: libro del alumno: 8 / N. Kondrashova, S. Kóstyleva
300 ## - ОБЩИЕ ПРИМЕЧАНИЯ
Текст примечания В аннот. ссылка на аудиоприл.
512 1# - ЗАГЛАВИЕ ОБЛОЖКИ
Связь между полями z23790
Заглавие обложки Español
Сведения, относящиеся к заглавию libro del alumno
-- 8
Язык заглавия испанский, кастильский испанский
606 1# - НАИМЕНОВАНИЕ ТЕМЫ КАК ПРЕДМЕТ
Наименование темы Испанский язык
Формальный подзаголовок Учебники для специализированных школ
Код системы nlr_sh2
Идентификатор авторитетной/нормативной записи RU\NLR\AUTH\66491709
686 3# - ИНДЕКСЫ ДРУГИХ КЛАССИФИКАЦИЙ
Индекс Ш147.21-93рус221[8]
700 #1 - ИМЯ ЛИЦА - ПЕРВИЧНАЯ ОТВЕТСТВЕННОСТЬ
Начальный элемент ввода Кондрашова
Часть имени, кроме начального элемента ввода Н. А.
Расширение инициалов личного имени Надежда Азариевна
Идентификатор авторитетной/нормативной записи RU\NLR\AUTH\7722807
701 #1 - ИМЯ ЛИЦА - АЛЬТЕРНАТИВНАЯ ОТВЕТСТВЕННОСТЬ
Начальный элемент ввода Костылева
Часть имени, кроме начального элемента ввода С. В.
Расширение инициалов личного имени Светлана Владимировна
Идентификатор авторитетной/нормативной записи RU\NLR\AUTH\7723483
790 #0 - ИМЯ ЛИЦА - АЛЬТЕРНАТИВНАЯ ФОРМА
Связь между полями z23
Начальный элемент ввода Kondrašova
Часть имени, кроме начального элемента ввода N. A.
Расширение инициалов личного имени Nadežda Azarievna
Идентификатор авторитетной/нормативной записи RU\NLR\AUTH\7722808
790 #0 - ИМЯ ЛИЦА - АЛЬТЕРНАТИВНАЯ ФОРМА
Связь между полями z22
-- z23512
Начальный элемент ввода Kostyleva
Часть имени, кроме начального элемента ввода S. V.
Расширение инициалов личного имени Svetlana Vladimirovna
Идентификатор авторитетной/нормативной записи RU\NLR\AUTH\7723484
Код отношения Автор
Графика поля Латинская
942 ## - ДОПОЛНИТЕЛЬНЫЕ ЭЛЕМЕНТЫ ЗАПИСИ (АБИС)
Тип экземпляра АБИС Книга
980 ## - КОЛЛЕКЦИЯ
Название коллекции Национальная библиография
Экземпляры
Тип экземпляра Дата поступления Источник поступления Стоимость Библиотека постоянного хранения Библиотека текущего хранения Место хранения Шифр хранения Штрих-код Статус экземпляра
Книга 10.11.2022 Обязательный экземпляр 0.00 РНБ (Московский) РНБ (Московский) Русский книжный фонд: издания с 1957 года 2022-7/8285 1-4042960  
Книга 10.11.2022 Обязательный экземпляр 0.00 РНБ (Московский) РНБ (Московский) Обменный фонд   1-4042964  
Книга 07.02.2025 Обязательный экземпляр   РНБ (Московский) РНБ (Московский) Обменный фонд   1-4825749  
Книга 07.02.2025 Обязательный экземпляр   РНБ (Московский) РНБ (Московский) Обменный фонд   1-4825750